000 01148nam a2200289 i 4500
001 bg
100 1 _aGoodheart, Berny.
245 1 0 _aSekrety magicznego ogrodu :
_bUNIX system V wersja 4 od środka : podręcznik /
_cBerny Goodheart, James Cox ; z ang. przeł. Grzegorz Grudziński, Aleksy Schubert.
246 _iTyt. oryg.:
_aMagic garden explained : the internals of UNIX system V release 4 : an open systems design
260 _aWarszawa :
_bWydawnictwa Naukowo-Techniczne,
_c2000.
300 _a784 s. :
_bil. ;
_c25 cm.
500 _aTyt. oryg.: "Magic garden explained : the internals of UNIX system V release 4 : an open systems design" 1994.
504 _aBibliogr. - Indeks.
650 9 _aUNIX
655 _aPodręczniki
700 1 _aCOX, James
_d(1961- ).
020 _a8320425832 (podręcznik)
020 _a8320425824 (całość)
040 _cBPK
041 1 _apl
_hen
080 _a004.451(07)
920 _a83-204-2583-2 (podręcznik)
920 _a83-204-2582-4 (całość)
942 _cKS
008 s pl f |000 0 pol
999 _c40416
_d40416
856 _uhttp://koha.tu.koszalin.pl/cgi-bin/koha/opac-detail.pl?biblionumber=40416
_yKatalog online BPK